=LDR 00000nam 2200000 4500 =001 NUTBA000000000004214 =005 20140904162803.0 =006 =007 =008 =020 ##$$a978-979-769-447-O =035 ##$$a 0010-091400000000247 =082 ##$$a 340.1 =100 ##$$aTEGUH PRSRTYO =245 ##$$aFILSAFAT, TEORI DAN ILMU HUKUM =260 ##$$a JAKARTA $b RAJAWALI PERS $c 2013 =850 ##$$a NBPNMAT =990 ##$$a 0001/BPAP-NTB/20142014